Komparácia vzájomných migračných tokov medzi Slovenskom a Českom

Migračné vlny medzi Slovenskom a Českom majú niekoľko kľúčových znakov, medzi ktoré patrí aj asymetrický charakter migrácie. Počty pracovných migrantov smerujúcich zo Slovenska do Česka sú niekoľkokrát väčšie ako v opačnom prípade. Analýza primárnych dôvodov, ktoré stoja za disparitami vo vzájomných...

Ausführliche Beschreibung

Gespeichert in:
Bibliographische Detailangaben
1. Verfasser: Beňová, Zuzana, 1996-
Format: Buchkapitel
Sprache:Slowakisch
Schlagworte:
Tags: Tag hinzufügen
Keine Tags, Fügen Sie das erste Tag hinzu!

MARC

LEADER 00000naa$a2200000$$$4500
001 0271505
005 20240502074257.2
041 0 |a slo 
044 |a SK 
245 1 0 |a Komparácia vzájomných migračných tokov medzi Slovenskom a Českom  |c Zuzana Beňová 
520 |a Migračné vlny medzi Slovenskom a Českom majú niekoľko kľúčových znakov, medzi ktoré patrí aj asymetrický charakter migrácie. Počty pracovných migrantov smerujúcich zo Slovenska do Česka sú niekoľkokrát väčšie ako v opačnom prípade. Analýza primárnych dôvodov, ktoré stoja za disparitami vo vzájomných migračných tokoch. 
610 2 0 |a migrácia 
610 2 0 |a Slovensko 
610 2 0 |a Česko 
610 2 0 |a vzťahy medzinárodné 
100 1 |a Beňová, Zuzana, 1996-